<?xml version="1.0" encoding="UTF-8"?>
<record
    xmlns:xsi="http://www.w3.org/2001/XMLSchema-instance"
    xsi:schemaLocation="http://www.loc.gov/MARC21/slim http://www.loc.gov/standards/marcxml/schema/MARC21slim.xsd"
    xmlns="http://www.loc.gov/MARC21/slim">

  <leader>00406nam a22001457a 4500</leader>
  <controlfield tag="005">20180312124436.0</controlfield>
  <controlfield tag="008">170601b        xxu||||| |||| 00| 0 eng d</controlfield>
  <datafield tag="040" ind1=" " ind2=" ">
    <subfield code="c">PK-LaUMT</subfield>
  </datafield>
  <datafield tag="082" ind1=" " ind2=" ">
    <subfield code="a">ZIAC 297.04</subfield>
    <subfield code="b">MUH-M</subfield>
  </datafield>
  <datafield tag="100" ind1=" " ind2=" ">
    <subfield code="a">Muhammad Zahid Al Kaosari</subfield>
  </datafield>
  <datafield tag="245" ind1=" " ind2=" ">
    <subfield code="a">Maqalat ul Kausari/</subfield>
    <subfield code="c">Muhammad Zahid Al Kausari</subfield>
  </datafield>
  <datafield tag="260" ind1=" " ind2=" ">
    <subfield code="a">&#x642;&#x627;&#x6BE;&#x631;&#x6C1;:</subfield>
    <subfield code="b">&#x645;&#x637;&#x628;&#x639;&#x6C3; &#x627;&#x644;&#x627;&#x646;&#x648;&#x627;&#x631;&#x60C;</subfield>
    <subfield code="c">[ ]</subfield>
  </datafield>
  <datafield tag="300" ind1=" " ind2=" ">
    <subfield code="a">594 &#x635;</subfield>
  </datafield>
  <datafield tag="942" ind1=" " ind2=" ">
    <subfield code="c">BK</subfield>
  </datafield>
  <datafield tag="999" ind1=" " ind2=" ">
    <subfield code="c">94231</subfield>
    <subfield code="d">94231</subfield>
  </datafield>
  <datafield tag="952" ind1=" " ind2=" ">
    <subfield code="0">0</subfield>
    <subfield code="1">0</subfield>
    <subfield code="4">0</subfield>
    <subfield code="7">0</subfield>
    <subfield code="a">01</subfield>
    <subfield code="b">01</subfield>
    <subfield code="d">2017-06-01</subfield>
    <subfield code="l">0</subfield>
    <subfield code="o">ZIAC 297.04 MUH-M</subfield>
    <subfield code="p">109816</subfield>
    <subfield code="r">2017-06-01 00:00:00</subfield>
    <subfield code="w">2017-06-01</subfield>
    <subfield code="y">BK</subfield>
  </datafield>
</record>
